| 000 | 00399nam a2200157Ia 4500 | ||
|---|---|---|---|
| 008 | 230917s9999||||xx |||||||||||||| ||und|| | ||
| 020 | _cRS48.35 | ||
| 040 |
_e48916 _aMAIN |
||
| 041 | _aEnglish | ||
| 082 | _a823.7 D555C | ||
| 100 | _aDickens | ||
| 245 | 0 | _aComic world of Dickens: The Wellers-Mrs. Gamp-Mr. Micawber | |
| 260 |
_aLondon _bJohn Murray _c1964 |
||
| 300 | _axi, 351 p. | ||
| 942 | _cBK | ||
| 999 |
_c58265 _d58265 |
||